Industrial economics. (Record no. 1131)

MARC details
000 -LEADER
fixed length control field 00537cam a2200217ua 4500
008 - FIXED-LENGTH DATA ELEMENTS--GENERAL INFORMATION
fixed length control field 110620n ii |||gr||||Z||||||eng
040 ## - CATALOGING SOURCE
Transcribing agency MAIN
082 ## - DEWEY DECIMAL CLASSIFICATION NUMBER
Classification number 338
245 1# - TITLE STATEMENT
Title Industrial economics.
Statement of responsibility, etc. By S K Srivastava.
250 ## - EDITION STATEMENT
Edition statement 1st.
260 ## - PUBLICATION, DISTRIBUTION, ETC.
Place of publication, distribution, etc. New Delhi.:
Name of publisher, distributor, etc. S chand.,967.
300 ## - PHYSICAL DESCRIPTION
Extent 557 p.:
Dimensions 21 cm.
700 ## - ADDED ENTRY--PERSONAL NAME
Personal name Srivastava, S K.,
700 ## - ADDED ENTRY--PERSONAL NAME
Personal name Nigam, R S.,
700 ## - ADDED ENTRY--PERSONAL NAME
Personal name Sahai, Bishamber.,
700 ## - ADDED ENTRY--PERSONAL NAME
Personal name Banerjee, Mrityunjoy.,
942 ## - ADDED ENTRY ELEMENTS (KOHA)
Koha item type Books
653 ## - INDEX TERM--UNCONTROLLED
Uncontrolled term Economics.
653 ## - INDEX TERM--UNCONTROLLED
Uncontrolled term Industrial economics.
Holdings
Withdrawn status Lost status Damaged status Not for loan Home library Current library Shelving location Date acquired Total Checkouts Full call number Barcode Date last seen Copy number Price effective from Koha item type
        Central Library, Naharkatiya College Central Library, Naharkatiya College General Stacks 19/09/2020   338 | SRI 1846 19/09/2020 3 19/09/2020 Books
        Central Library, Naharkatiya College Central Library, Naharkatiya College General Stacks 19/09/2020   338 | SRI 1847 19/09/2020 5 19/09/2020 Books
        Central Library, Naharkatiya College Central Library, Naharkatiya College General Stacks 19/09/2020   338 | SRI 1848 19/09/2020 4 19/09/2020 Books
        Central Library, Naharkatiya College Central Library, Naharkatiya College General Stacks 19/09/2020   338 | SRI 1849 19/09/2020 2 19/09/2020 Books
        Central Library, Naharkatiya College Central Library, Naharkatiya College General Stacks 19/09/2020   338 | SRI 1850 19/09/2020 1 19/09/2020 Books

Naharkatiya College © 2020. All rights reserved.

Powered By